000 00371nam a2200157Ia 4500
008 100122s9999 xx 000 0 und d
082 _b59838
_aB001
100 _aKRISHAN
245 _aWONDERS OF THE WORLD
250 _a0
260 _bVASAN BOOK DEPOT
_c2000
300 _a116
630 _aWONDERS OF THE WORLD
730 _aWONDERS OF THE WORLD
942 _cBOOK
999 _c377754
_d377751